[Event "Oberliga NRW 2122"]
[Site "Germany"]
[Date "2022.05.08"]
[Round "9.4"]
[White "Wengenroth, Walter"]
[Black "Jonkman, Harmen"]
[Result "1/2-1/2"]
[WhiteElo "2290"]
[BlackElo "2386"]
[PlyCount "37"]
[EventDate "2021.10.31"]
[EventType "team-tourn"]
[EventRounds "9"]
[EventCountry "GER"]
[SourceTitle "EXT 2023"]
[Source "ChessBase"]
[SourceDate "2022.10.05"]
[SourceVersion "1"]
[SourceVersionDate "2022.10.05"]
[SourceQuality "1"]
[WhiteTeam "Wattenscheid"]
[BlackTeam "Erkenschwick"]
[WhiteTeamCountry "GER"]
[BlackTeamCountry "GER"]

1. e4 e5 2. Nf3 Nc6 3. d4 exd4 4. Nxd4 Bc5 5. Nxc6 Qf6 6. Qf3 dxc6 7. Bc4 Be6 8. Qxf6 Nxf6 9. Bxe6 fxe6 10. f3 0-0-0 11. Nd2 h6 12. Nb3 Bd6 13. Be3 g5 14. Nd2 c5 15. Nc4 Nd7 16. 0-0-0 Bf4 17. Bxf4 gxf4 18. a4 Rhg8 19. g4 1/2-1/2

[Event "Oberliga NRW 2122"]
[Site "Germany"]
[Date "2022.03.13"]
[Round "7.3"]
[White "Hausrath, Daniel"]
[Black "Wengenroth, Walter"]
[Result "1-0"]
[WhiteElo "2480"]
[BlackElo "2290"]
[PlyCount "47"]
[EventDate "2021.10.31"]
[EventType "team-tourn"]
[EventRounds "9"]
[EventCountry "GER"]
[SourceTitle "EXT 2023"]
[Source "ChessBase"]
[SourceDate "2022.10.05"]
[SourceVersion "1"]
[SourceVersionDate "2022.10.05"]
[SourceQuality "1"]
[WhiteTeam "Muelheim Nord II"]
[BlackTeam "Wattenscheid"]
[WhiteTeamCountry "GER"]
[BlackTeamCountry "GER"]

1. Nf3 d5 2. g3 Nf6 3. Bg2 e6 4. d4 Be7 5. c4 0-0 6. Qc2 c6 7. 0-0 b6 8. Rd1 Nbd7 9. b3 a5 10. Nbd2 a4 11. bxa4 Bb7 12. Bb2 Qb8 13. Bc3 c5 14. a5 bxa5 15. Rab1 Qa7 16. Ne5 Rfc8 17. e3 cxd4 18. Bxd4 Bc5 19. Nxd7 Bxd4 20. exd4 Nxd7 21. c5 e5 22. Nc4 exd4 23. Nd6 d3 24. Qxd3 1-0

[Event "Oberliga NRW 1920"]
[Site "Germany"]
[Date "2019.10.13"]
[Round "2.5"]
[White "Dahm, Jochen"]
[Black "Wengenroth, Walter"]
[Result "1/2-1/2"]
[WhiteElo "2198"]
[BlackElo "2229"]
[PlyCount "49"]
[EventDate "2019.09.15"]
[EventType "team-tourn"]
[EventRounds "9"]
[EventCountry "GER"]
[SourceTitle "CBM 195 Extra"]
[Source "ChessBase"]
[SourceDate "2020.05.31"]
[SourceVersion "1"]
[SourceVersionDate "2020.05.31"]
[SourceQuality "1"]
[WhiteTeam "Bochum SG"]
[BlackTeam "Wattenscheid"]
[WhiteTeamCountry "GER"]
[BlackTeamCountry "GER"]

1. e4 c5 2. Nf3 d6 3. d4 cxd4 4. Nxd4 Nf6 5. Nc3 Nc6 6. Bc4 Qb6 7. Nb3 e6 8. Bf4 Ne5 9. Be2 Bd7 10. Be3 Qc7 11. Nb5 Bxb5 12. Bxb5+ Nc6 13. Bd3 d5 14. Nd2 Qe5 15. f4 Qxb2 16. Rb1 Qc3 17. Rb3 Qa5 18. Rxb7 Nxe4 19. Rb5 Qa4 20. Rb3 a6 21. 0-0 Bc5 22. Bxe4 Bxe3+ 23. Rxe3 dxe4 24. Rxe4 Qa5 25. f5 1/2-1/2

[Event "Oberliga NRW 1819"]
[Site "Germany"]
[Date "2018.12.09"]
[Round "4.6"]
[White "Wengenroth, Walter"]
[Black "Iljin, Stanislav"]
[Result "1/2-1/2"]
[WhiteElo "2288"]
[BlackElo "2384"]
[PlyCount "84"]
[EventDate "2018.09.16"]
[EventType "team-tourn"]
[EventRounds "9"]
[EventCountry "GER"]
[SourceTitle "EXT 2020"]
[Source "ChessBase"]
[SourceDate "2019.10.17"]
[SourceVersion "1"]
[SourceVersionDate "2019.10.17"]
[SourceQuality "1"]
[WhiteTeam "Wattenscheid"]
[BlackTeam "Siegburg"]
[WhiteTeamCountry "GER"]
[BlackTeamCountry "GER"]

1. e4 e5 2. Nf3 Nc6 3. Bb5 Nf6 4. d3 Bc5 5. 0-0 d6 6. c3 0-0 7. Nbd2 a5 8. h3 Ne7 9. d4 exd4 10. cxd4 Bb6 11. Bd3 c6 12. Re1 Ng6 13. Nf1 Nh5 14. Bg5 f6 15. Be3 Nhf4 16. Bc2 d5 17. Ng3 dxe4 18. Nxe4 Nd5 19. Nc5 Qd6 20. Qd3 f5 21. a3 Bc7 22. Bb3 Kh8 23. Qc2 b6 24. Nd3 f4 25. Bd2 Bf5 26. Rac1 Rf6 27. Nfe5 Nge7 28. Qd1 Bxd3 29. Nxd3 f3 30. Ne5 fxg2 31. Bg5 Raf8 32. Bxd5 Qxd5 33. Bxf6 gxf6 34. Qf3 Qd6 35. Ng4 h5 36. Kxg2 hxg4 37. hxg4 Ng6 38. Rh1+ Kg7 39. Qf5 Nf4+ 40. Kf1 Rh8 41. Rxh8 Kxh8 42. Re1 Kg7 1/2-1/2

[Event "Oberliga NRW 1819"]
[Site "Germany"]
[Date "2018.10.14"]
[Round "2.6"]
[White "Homs, Guust"]
[Black "Wengenroth, Walter"]
[Result "0-1"]
[WhiteElo "2227"]
[BlackElo "2288"]
[PlyCount "110"]
[EventDate "2018.09.16"]
[EventType "team-tourn"]
[EventRounds "9"]
[EventCountry "GER"]
[SourceTitle "EXT 2020"]
[Source "ChessBase"]
[SourceDate "2019.10.17"]
[SourceVersion "1"]
[SourceVersionDate "2019.10.17"]
[SourceQuality "1"]
[WhiteTeam "Erkenschwick"]
[BlackTeam "Wattenscheid"]
[WhiteTeamCountry "GER"]
[BlackTeamCountry "GER"]

1. e4 c5 2. c3 Nf6 3. e5 Nd5 4. d4 cxd4 5. Nf3 e6 6. cxd4 d6 7. a3 Bd7 8. Bd3 Bc6 9. 0-0 Nd7 10. Re1 dxe5 11. dxe5 g6 12. Bg5 Qc7 13. Nbd2 Bg7 14. Nc4 0-0 15. Rc1 N5b6 16. Bf4 Nxc4 17. Rxc4 Qa5 18. Nd4 Bd5 19. Rc3 a6 20. b4 Qd8 21. Qe2 Rc8 22. Rxc8 Qxc8 23. Rc1 Qb8 24. Nf3 Bxf3 25. Qxf3 Bxe5 26. Bh6 Rc8 27. g3 Bg7 28. Rxc8+ Qxc8 29. Bf4 Nf6 30. h4 h5 31. Kg2 Nd5 32. Bd6 Qc6 33. Bb8 Qc8 34. Bd6 Qc6 35. Bb8 Qc3 36. Be4 Qxf3+ 37. Bxf3 b5 38. Bd1 Bb2 39. a4 Nxb4 40. axb5 axb5 41. Be2 Nc6 42. Bd6 b4 43. Bf3 Be5 44. Bc5 Bd4 45. Bd6 Ne5 46. Bd1 Nd3 47. f3 Kg7 48. f4 f5 49. Kf3 e5 50. fxe5 Bxe5 51. Be7 Kf7 52. Bg5 Nc5 53. Be3 Ne4 54. Bf2 Kf6 55. Ba4 b3 0-1

[Event "Oberliga NRW 1718"]
[Site "Germany"]
[Date "2018.04.29"]
[Round "9.3"]
[White "Wengenroth, Walter"]
[Black "Muschik, Benedikt"]
[Result "1/2-1/2"]
[WhiteElo "2250"]
[BlackElo "2203"]
[PlyCount "47"]
[EventDate "2017.09.17"]
[EventType "team-tourn"]
[EventRounds "9"]
[EventCountry "GER"]
[SourceTitle "EXT 2019"]
[Source "ChessBase"]
[SourceDate "2018.10.10"]
[SourceVersion "1"]
[SourceVersionDate "2018.10.10"]
[SourceQuality "1"]
[WhiteTeam "Wattenscheid"]
[BlackTeam "Muenster"]
[WhiteTeamCountry "GER"]
[BlackTeamCountry "GER"]

1. e4 g6 2. d4 Bg7 3. Nc3 d6 4. Nf3 a6 5. Be2 Nd7 6. 0-0 e6 7. a4 b6 8. Re1 Ne7 9. Bf1 Bb7 10. Bf4 h6 11. Qd3 0-0 12. Rad1 g5 13. Bc1 Ng6 14. Ne2 Nf6 15. Ng3 Nf4 16. Qb3 N6h5 17. d5 exd5 18. exd5 Qd7 19. a5 Rab8 20. axb6 cxb6 21. c4 Bc8 22. Nd4 Nxg3 23. hxg3 Ng6 24. Nc6 1/2-1/2

[Event "Oberliga NRW 1718"]
[Site "Germany"]
[Date "2017.11.19"]
[Round "3.3"]
[White "Wengenroth, Walter"]
[Black "Stillger, Bernhard"]
[Result "1/2-1/2"]
[WhiteElo "2250"]
[BlackElo "2272"]
[PlyCount "35"]
[EventDate "2017.09.17"]
[EventType "team-tourn"]
[EventRounds "9"]
[EventCountry "GER"]
[SourceTitle "EXT 2019"]
[Source "ChessBase"]
[SourceDate "2018.10.10"]
[SourceVersion "1"]
[SourceVersionDate "2018.10.10"]
[SourceQuality "1"]
[WhiteTeam "Wattenscheid"]
[BlackTeam "Oberhausen"]
[WhiteTeamCountry "GER"]
[BlackTeamCountry "GER"]

1. e4 e6 2. d4 d5 3. Nd2 c5 4. exd5 exd5 5. Ngf3 Nc6 6. Bb5 Qe7+ 7. Be2 Qc7 8. 0-0 Nf6 9. Re1 Be6 10. Bb5 Be7 11. dxc5 Bxc5 12. Nb3 Bb6 13. c4 dxc4 14. Nbd4 0-0-0 15. Bxc6 bxc6 16. Be3 Ng4 17. Qa4 Nxe3 18. Nxe6 1/2-1/2

[Event "NRW Class1 1617"]
[Site "Germany"]
[Date "2017.05.21"]
[Round "9.1"]
[White "Muschik, Benedikt"]
[Black "Wengenroth, Walter"]
[Result "1/2-1/2"]
[WhiteElo "2318"]
[BlackElo "2293"]
[PlyCount "27"]
[EventDate "2016.09.25"]
[EventType "team-tourn"]
[EventRounds "9"]
[EventCountry "GER"]
[SourceTitle "EXT 2023"]
[Source "ChessBase"]
[SourceDate "2022.10.05"]
[SourceVersion "1"]
[SourceVersionDate "2022.10.05"]
[SourceQuality "1"]
[WhiteTeam "Muenster SK"]
[BlackTeam "Duisburg PSV"]
[WhiteTeamCountry "GER"]
[BlackTeamCountry "GER"]

1. d4 Nf6 2. Bf4 g6 3. e3 Bg7 4. Nf3 0-0 5. Be2 d6 6. h3 c5 7. c3 Qb6 8. Qb3 Be6 9. dxc5 Qc6 10. Qa3 dxc5 11. Ne5 Qc8 12. Nd2 Bd5 13. 0-0 b6 14. Qa4 1/2-1/2

[Event "NRW Class1 1617"]
[Site "Germany"]
[Date "2017.03.26"]
[Round "8.1"]
[White "Wengenroth, Walter"]
[Black "Wessendorf, Thomas"]
[Result "1-0"]
[WhiteElo "2293"]
[BlackElo "2282"]
[PlyCount "89"]
[EventDate "2016.09.25"]
[EventType "team-tourn"]
[EventRounds "9"]
[EventCountry "GER"]
[SourceTitle "EXT 2023"]
[Source "ChessBase"]
[SourceDate "2022.10.05"]
[SourceVersion "1"]
[SourceVersionDate "2022.10.05"]
[SourceQuality "1"]
[WhiteTeam "Duisburg PSV"]
[BlackTeam "Katernberg SF II"]
[WhiteTeamCountry "GER"]
[BlackTeamCountry "GER"]

1. e4 c5 2. Nf3 d6 3. Bb5+ Nc6 4. Bxc6+ bxc6 5. 0-0 Bg4 6. h3 Bh5 7. e5 d5 8. g4 Bg6 9. e6 Qd6 10. Re1 Nf6 11. d3 fxe6 12. Ne5 Nd7 13. Bf4 Nxe5 14. Bxe5 Qd7 15. Nd2 Qb7 16. Nb3 Qb6 17. Qd2 h5 18. Kg2 hxg4 19. hxg4 Qb4 20. Qxb4 cxb4 21. a3 bxa3 22. Rxa3 Bf7 23. Rea1 Rh4 24. Rxa7 Rxa7 25. Rxa7 Bg8 26. Kg3 g5 27. Rc7 Rh1 28. Rxc6 Re1 29. Bc3 Rg1+ 30. Kh3 e5 31. Bxe5 Re1 32. d4 Rb1 33. Nd2 Rxb2 34. Nf3 Kd7 35. Rc7+ Kd8 36. Ra7 Rxc2 37. Ra8+ Rc8 38. Rxc8+ Kxc8 39. Nxg5 Kd7 40. Kh4 Ke8 41. Kh5 e6 42. Kg6 Kd7 43. f4 Ke8 44. f5 exf5 45. gxf5 1-0

[Event "NRW Class1 1617"]
[Site "Germany"]
[Date "2017.03.05"]
[Round "7.1"]
[White "Wilde, Pierre"]
[Black "Wengenroth, Walter"]
[Result "1/2-1/2"]
[WhiteElo "2271"]
[BlackElo "2293"]
[PlyCount "62"]
[EventDate "2016.09.25"]
[EventType "team-tourn"]
[EventRounds "9"]
[EventCountry "GER"]
[SourceTitle "EXT 2023"]
[Source "ChessBase"]
[SourceDate "2022.10.05"]
[SourceVersion "1"]
[SourceVersionDate "2022.10.05"]
[SourceQuality "1"]
[WhiteTeam "Neuenkirchen"]
[BlackTeam "Duisburg PSV"]
[WhiteTeamCountry "GER"]
[BlackTeamCountry "GER"]

1. c4 e6 2. g3 d5 3. Nf3 dxc4 4. Qa4+ Nd7 5. Bg2 a6 6. Qxc4 b5 7. Qc6 Rb8 8. 0-0 Bb7 9. Qc2 Ngf6 10. d3 c5 11. b3 Be7 12. Bb2 0-0 13. Nbd2 Qb6 14. Rac1 Rfd8 15. Qb1 Rbc8 16. Qa1 Ne8 17. Rc2 Bf8 18. Rfc1 Nd6 19. e3 Qa7 20. Bf1 Qa8 21. Ne5 Nxe5 22. Bxe5 Ne8 23. Bb2 Rd7 24. a4 Qb8 25. axb5 axb5 26. d4 Ba8 27. dxc5 Rxd2 28. Rxd2 Qb7 29. e4 Qxe4 30. c6 Bxc6 31. Rxc6 Qxc6 1/2-1/2

[Event "NRW Class1 1617"]
[Site "Germany"]
[Date "2016.12.11"]
[Round "4.1"]
[White "Haub, Thorsten Michael"]
[Black "Wengenroth, Walter"]
[Result "1/2-1/2"]
[WhiteElo "2393"]
[BlackElo "2293"]
[PlyCount "55"]
[EventDate "2016.09.25"]
[EventType "team-tourn"]
[EventRounds "9"]
[EventCountry "GER"]
[SourceTitle "EXT 2023"]
[Source "ChessBase"]
[SourceDate "2022.10.05"]
[SourceVersion "1"]
[SourceVersionDate "2022.10.05"]
[SourceQuality "1"]
[WhiteTeam "Plettenberg"]
[BlackTeam "Duisburg PSV"]
[WhiteTeamCountry "GER"]
[BlackTeamCountry "GER"]

1. g3 d5 2. Bg2 Nf6 3. d3 c5 4. Nf3 e6 5. 0-0 Be7 6. Nbd2 0-0 7. e4 Nc6 8. Re1 b5 9. a4 b4 10. e5 Ne8 11. Nf1 Nc7 12. h4 f5 13. exf6 Bxf6 14. Ne3 e5 15. Nh2 Qd6 16. Neg4 Kh8 17. Nxf6 gxf6 18. c3 Rg8 19. Be3 bxc3 20. bxc3 d4 21. cxd4 cxd4 22. Bc1 Be6 23. Ba3 Qd7 24. Qf3 Nd5 25. Rac1 Nce7 26. Rc4 Nf5 27. Bc1 Rab8 28. Rc5 1/2-1/2

[Event "NRW Class1 1617"]
[Site "Germany"]
[Date "2016.11.13"]
[Round "3.1"]
[White "Wengenroth, Walter"]
[Black "Loifenfeld, Jakov"]
[Result "1/2-1/2"]
[WhiteElo "2293"]
[BlackElo "2426"]
[PlyCount "47"]
[EventDate "2016.09.25"]
[EventType "team-tourn"]
[EventRounds "9"]
[EventCountry "GER"]
[SourceTitle "EXT 2023"]
[Source "ChessBase"]
[SourceDate "2022.10.05"]
[SourceVersion "1"]
[SourceVersionDate "2022.10.05"]
[SourceQuality "1"]
[WhiteTeam "Duisburg PSV"]
[BlackTeam "Bruehl"]
[WhiteTeamCountry "GER"]
[BlackTeamCountry "GER"]

1. e4 Nf6 2. e5 Nd5 3. d4 d6 4. Nf3 Nc6 5. c4 Nb6 6. e6 fxe6 7. Nc3 g6 8. Be3 Bg7 9. Qd2 0-0 10. 0-0-0 e5 11. d5 Nd4 12. Nxd4 exd4 13. Bxd4 Bxd4 14. Qxd4 e5 15. dxe6 Bxe6 16. f4 Qf6 17. g3 Bg4 18. Qxf6 Rxf6 19. Re1 Bf3 20. Rg1 Kf8 21. b3 Re8 22. Bh3 Rf7 23. Nb5 Rfe7 24. Rxe7 1/2-1/2

[Event "Oberliga NRW 1415"]
[Site "Germany"]
[Date "2015.03.22"]
[Round "8.2"]
[White "Wengenroth, Walter"]
[Black "Rezasade, Amir"]
[Result "0-1"]
[WhiteElo "2200"]
[BlackElo "2259"]
[PlyCount "78"]
[EventDate "2014.09.14"]
[EventType "team-tourn"]
[EventRounds "9"]
[EventCountry "GER"]
[SourceTitle "EXT 2017"]
[Source "ChessBase"]
[SourceDate "2016.10.25"]
[SourceVersion "1"]
[SourceVersionDate "2016.10.25"]
[SourceQuality "1"]
[WhiteTeam "Duisburg PSV"]
[BlackTeam "Muelheim Nord II"]
[WhiteTeamCountry "GER"]
[BlackTeamCountry "GER"]

1. e4 c6 2. d4 d5 3. exd5 cxd5 4. c4 Nf6 5. Nc3 e6 6. Nf3 Be7 7. Bd3 dxc4 8. Bxc4 Nc6 9. 0-0 0-0 10. Re1 b6 11. a3 Nd5 12. Qd3 Nxc3 13. bxc3 Bf6 14. h4 Bd7 15. Ng5 g6 16. Ne4 Bxh4 17. Bh6 Re8 18. Nd6 Bxf2+ 19. Kxf2 Qh4+ 20. Kg1 Qxh6 21. Nxe8 Bxe8 22. Rad1 Na5 23. Ba2 Ba4 24. Rb1 Rd8 25. Re2 Qf8 26. c4 Nc6 27. d5 Qc5+ 28. Kh1 Nd4 29. Rd2 e5 30. Re1 f6 31. Rf2 Kg7 32. Ref1 Rf8 33. Qh3 Rf7 34. Qh4 Qd6 35. Rd2 Qc5 36. Rdf2 Qd6 37. g4 Bc2 38. g5 f5 39. Rd2 Be4+ 0-1

[Event "Oberliga NRW 1415"]
[Site "Germany"]
[Date "2014.11.16"]
[Round "3.4"]
[White "Schoorl, Rob"]
[Black "Wengenroth, Walter"]
[Result "1-0"]
[WhiteElo "2293"]
[BlackElo "2200"]
[PlyCount "77"]
[EventDate "2014.09.14"]
[EventType "team-tourn"]
[EventRounds "9"]
[EventCountry "GER"]
[SourceTitle "EXT 2017"]
[Source "ChessBase"]
[SourceDate "2016.10.25"]
[SourceVersion "1"]
[SourceVersionDate "2016.10.25"]
[SourceQuality "1"]
[WhiteTeam "Wattenscheid"]
[BlackTeam "Duisburg PSV"]
[WhiteTeamCountry "GER"]
[BlackTeamCountry "GER"]

1. e4 c5 2. Nf3 Nc6 3. d4 cxd4 4. Nxd4 Nf6 5. Nc3 d6 6. Bg5 e6 7. Qd2 Be7 8. 0-0-0 Nxd4 9. Qxd4 0-0 10. f4 Qa5 11. Bc4 Bd7 12. e5 dxe5 13. fxe5 Bc6 14. Bd2 Nd7 15. Nd5 Qd8 16. Nxe7+ Qxe7 17. Rhe1 Rfd8 18. Qg4 Nf8 19. Bd3 Rxd3 20. cxd3 Qd7 21. Bb4 Qd5 22. Kb1 Ng6 23. Bd6 Qxg2 24. Qxg2 Bxg2 25. Rc1 Nh4 26. Rc4 Nf5 27. Rec1 Bc6 28. b4 h5 29. Rxc6 bxc6 30. Rxc6 g5 31. Bc5 g4 32. b5 h4 33. Bf2 g3 34. hxg3 hxg3 35. Bg1 Kg7 36. a4 Rd8 37. Bxa7 Rxd3 38. Rc2 Rd7 39. Bc5 1-0

[Event "NRW Class1 1314"]
[Site "Germany"]
[Date "2014.02.02"]
[Round "6.4"]
[White "Litwak, Aleksej"]
[Black "Wengenroth, Walter"]
[Result "1/2-1/2"]
[WhiteElo "2230"]
[BlackElo "2207"]
[PlyCount "73"]
[EventDate "2013.09.15"]
[EventType "team-tourn"]
[EventRounds "9"]
[EventCountry "GER"]
[SourceTitle "EXT 2015"]
[Source "ChessBase"]
[SourceDate "2014.11.20"]
[SourceVersion "1"]
[SourceVersionDate "2014.11.20"]
[SourceQuality "1"]
[WhiteTeam "Oberhausen"]
[BlackTeam "Duisburg PSV"]
[WhiteTeamCountry "GER"]
[BlackTeamCountry "GER"]

1. e4 e5 2. Nf3 Nc6 3. Bb5 a6 4. Ba4 Nf6 5. 0-0 Be7 6. Re1 b5 7. Bb3 d6 8. c3 0-0 9. d4 Bg4 10. Be3 exd4 11. cxd4 Na5 12. Nbd2 Nxb3 13. axb3 c5 14. Qc2 Nd7 15. h3 Bh5 16. g4 Bg6 17. d5 Nb6 18. Qd3 Bf6 19. Ra2 Re8 20. Rea1 Qc8 21. Nh2 c4 22. bxc4 Nxc4 23. Nxc4 bxc4 24. Qa3 Bxe4 25. Qxd6 Be5 26. Qb6 Bxd5 27. Rxa6 Rb8 28. Qa5 Bb7 29. Rb6 Bc7 30. Rc1 Bxb6 31. Qxb6 Ba8 32. Qd4 Qc6 33. f3 Rbc8 34. Qf4 Qe6 35. Bd4 Rcd8 36. Bf2 Rc8 37. Bd4 1/2-1/2

[Event "Oberliga NRW 1213"]
[Site "Germany"]
[Date "2013.03.10"]
[Round "7.2"]
[White "Piceu, Tom"]
[Black "Wengenroth, Walter"]
[Result "1-0"]
[WhiteElo "2302"]
[BlackElo "2233"]
[PlyCount "57"]
[EventDate "2012.09.16"]
[EventType "team-tourn"]
[EventRounds "9"]
[EventCountry "GER"]
[SourceTitle "EXT 2017"]
[Source "ChessBase"]
[SourceDate "2016.10.25"]
[SourceVersion "1"]
[SourceVersionDate "2016.10.25"]
[SourceQuality "1"]
[WhiteTeam "Aachen"]
[BlackTeam "Duisburg PSV"]
[WhiteTeamCountry "GER"]
[BlackTeamCountry "GER"]

1. c4 Nf6 2. Nc3 c5 3. g3 e6 4. Bg2 d5 5. cxd5 exd5 6. d3 d4 7. Na4 Nbd7 8. Nf3 b5 9. Nxd4 cxd4 10. Bxa8 Bb4+ 11. Bd2 Bxd2+ 12. Qxd2 bxa4 13. Qb4 Qb6 14. Qxa4 0-0 15. 0-0 Ne5 16. Qc2 Be6 17. Bg2 Rc8 18. Qd2 Rb8 19. b4 h6 20. a3 Nd5 21. Rac1 Nc3 22. e3 Nb5 23. a4 Nd6 24. Rc5 dxe3 25. Qxe3 Ng4 26. Qf4 g5 27. Qd4 Nf5 28. Qxg4 Ne3 29. Rxg5+ 1-0

[Event "Oberliga NRW 1213"]
[Site "Germany"]
[Date "2012.11.18"]
[Round "3.2"]
[White "Schuh, Dirk"]
[Black "Wengenroth, Walter"]
[Result "1/2-1/2"]
[WhiteElo "2368"]
[BlackElo "2233"]
[PlyCount "70"]
[EventDate "2012.09.16"]
[EventType "team-tourn"]
[EventRounds "9"]
[EventCountry "GER"]
[SourceTitle "EXT 2017"]
[Source "ChessBase"]
[SourceDate "2016.10.25"]
[SourceVersion "1"]
[SourceVersionDate "2016.10.25"]
[SourceQuality "1"]
[WhiteTeam "Duesseldorf"]
[BlackTeam "Duisburg PSV"]
[WhiteTeamCountry "GER"]
[BlackTeamCountry "GER"]

1. e4 c5 2. Nc3 e6 3. f4 d5 4. Nf3 dxe4 5. Nxe4 Be7 6. g3 Nf6 7. Nf2 b6 8. Bg2 Bb7 9. 0-0 0-0 10. d3 Qc7 11. Qe2 Nc6 12. c3 Rad8 13. Bd2 b5 14. Rfe1 Qb6 15. Ne5 Nxe5 16. fxe5 Nd7 17. h4 Bxg2 18. Kxg2 Qb7+ 19. Kh2 Nb8 20. h5 h6 21. Bf4 Qd5 22. Red1 Nc6 23. Ng4 f5 24. Ne3 Qd7 25. Rd2 Qb7 26. Nc2 a6 27. Rad1 Rd5 28. d4 cxd4 29. Nxd4 Nxd4 30. Rxd4 Rxd4 31. Rxd4 Rd8 32. Rxd8+ Bxd8 33. Qd3 Be7 34. b3 Qd5 35. Qf1 Kf7 1/2-1/2

[Event "Oberliga NRW 1112"]
[Site "Germany"]
[Date "2012.04.29"]
[Round "9.3"]
[White "Fiebig, Thomas"]
[Black "Wengenroth, Walter"]
[Result "1/2-1/2"]
[WhiteElo "2389"]
[BlackElo "2236"]
[PlyCount "73"]
[EventDate "2011.09.18"]
[EventType "team-tourn"]
[EventRounds "9"]
[EventCountry "GER"]
[SourceTitle "EXT 2015"]
[Source "ChessBase"]
[SourceDate "2014.11.20"]
[SourceVersion "1"]
[SourceVersionDate "2014.11.20"]
[SourceQuality "1"]
[WhiteTeam "Emsdetten Turm II"]
[BlackTeam "Duisburg PSV"]
[WhiteTeamCountry "GER"]
[BlackTeamCountry "GER"]

1. e4 c5 2. c3 Nf6 3. e5 Nd5 4. d4 cxd4 5. Nf3 e6 6. cxd4 d6 7. a3 Bd7 8. Bd3 Bc6 9. 0-0 Nd7 10. Re1 Be7 11. Nbd2 dxe5 12. dxe5 Nc5 13. Bc2 Nf4 14. b4 Ncd3 15. Re3 0-0 16. Ne4 Nxc1 17. Qxc1 a5 18. Rb1 axb4 19. axb4 Bb5 20. Nc3 Bd3 21. g3 Bxc2 22. Qxc2 Nd5 23. Nxd5 Qxd5 24. Rd1 Qb5 25. Rc3 h6 26. Rc7 Bd8 27. Rc5 Qxb4 28. Rb1 Qa3 29. Rc3 Qa6 30. Qe4 Ba5 31. Rc2 b6 32. Nd4 Rad8 33. Nc6 Qd3 34. Qxd3 Rxd3 35. Ra2 g5 36. Nxa5 bxa5 37. Rxa5 1/2-1/2

[Event "Oberliga NRW 1112"]
[Site "Germany"]
[Date "2012.03.25"]
[Round "8.3"]
[White "Wengenroth, Walter"]
[Black "Bosboom, Manuel"]
[Result "1-0"]
[WhiteElo "2236"]
[BlackElo "2374"]
[PlyCount "125"]
[EventDate "2011.09.18"]
[EventType "team-tourn"]
[EventRounds "9"]
[EventCountry "GER"]
[SourceTitle "EXT 2015"]
[Source "ChessBase"]
[SourceDate "2014.11.20"]
[SourceVersion "1"]
[SourceVersionDate "2014.11.20"]
[SourceQuality "1"]
[WhiteTeam "Duisburg PSV"]
[BlackTeam "Muenster SK"]
[WhiteTeamCountry "GER"]
[BlackTeamCountry "GER"]

1. e4 c5 2. Nf3 d6 3. d4 cxd4 4. Nxd4 Nf6 5. Nc3 a6 6. a4 g6 7. Be2 Bg7 8. 0-0 Nc6 9. Be3 Bd7 10. f4 Rc8 11. Nb3 h5 12. h3 Be6 13. a5 Bxb3 14. cxb3 e6 15. b4 0-0 16. Bb6 Qe7 17. b5 axb5 18. Bxb5 Nb4 19. Qa4 d5 20. e5 Ne4 21. Nxe4 dxe4 22. Rae1 Nd5 23. Bd4 Rfd8 24. Rxe4 Bh6 25. Bc4 Nxf4 26. Rfxf4 Bxf4 27. Rxf4 Rxd4 28. Rxd4 Qc5 29. Qd7 Kg7 30. b3 Qxe5 31. Rd1 Rc5 32. Rf1 Qe3+ 33. Kh1 Rf5 34. Rxf5 gxf5 35. Qd1 h4 36. a6 bxa6 37. Bxa6 Qc3 38. Bc4 Kg6 39. Qd6 Qe3 40. Qb8 Kg7 41. Qd6 Kg6 42. Qd1 Qc3 43. Bf1 Qc5 44. Qd3 Qb6 45. Qb5 Qf2 46. b4 Qe1 47. Qc4 Qf2 48. b5 Kg5 49. Qe2 Qd4 50. Qd3 Qf2 51. Qb1 Qb6 52. Be2 e5 53. Qg1 Qd6 54. Qe3+ Kg6 55. Qb3 Qb6 56. Qb1 e4 57. Bc4 f6 58. Be2 Kg5 59. Qg1 Qe6 60. Qc1+ Kg6 61. Qc4 Qd6 62. Qg8+ Kh6 63. Qh8+ 1-0

[Event "Oberliga NRW 1011"]
[Site "Germany"]
[Date "2010.09.26"]
[Round "1.1"]
[White "Wengenroth, Walter"]
[Black "Scholz, Christian"]
[Result "0-1"]
[WhiteElo "2366"]
[BlackElo "2387"]
[PlyCount "78"]
[EventDate "2010.09.26"]
[EventType "team-tourn"]
[EventRounds "9"]
[EventCountry "GER"]
[SourceTitle "EXT 2012"]
[Source "ChessBase"]
[SourceDate "2011.11.24"]
[SourceVersion "1"]
[SourceVersionDate "2011.11.24"]
[SourceQuality "1"]
[WhiteTeam "Duisburg"]
[BlackTeam "Katernberg II"]
[WhiteTeamCountry "GER"]
[BlackTeamCountry "GER"]

1. e4 c5 2. Nf3 d6 3. d4 cxd4 4. Nxd4 Nf6 5. Nc3 a6 6. a4 e5 7. Nf3 Qc7 8. Bg5 Nbd7 9. Nd2 h6 10. Bh4 Be7 11. Bc4 Nb6 12. Bb3 g5 13. a5 gxh4 14. axb6 Qxb6 15. Nc4 Qc5 16. Ne3 Rg8 17. Qf3 Bg4 18. Nxg4 Rxg4 19. 0-0 Rg7 20. Nd5 Nxd5 21. Bxd5 Rb8 22. Ra3 Qc8 23. h3 Bd8 24. Qh5 Bg5 25. Rf3 Qd7 26. Rf5 Kf8 27. Rd1 f6 28. Rd3 Ke7 29. f4 Bxf4 30. Qxh4 Rg5 31. Rxf4 exf4 32. Qxh6 Re8 33. Rf3 Qc7 34. Rxf4 Qc5+ 35. Kh2 Qd4 36. Rf3 Qe5+ 37. Kh1 Qxb2 38. Bb3 Qc1+ 39. Kh2 Rxg2+ 0-1